[Event "10th KiiT Festival 2017"]
[Site "Bhubaneshwar"]
[Date "2017.05.29"]
[Round "6"]
[White "Raja Rithvik R"]
[Black "Roy Chowdhury, Saptarshi"]
[Result "1/2-1/2"]
[WhiteElo "2155"]
[BlackElo "2326"]
[Annotator "TA"]
[PlyCount "88"]
[EventDate "2017.05.26"]
[EventType "swiss"]
[EventCountry "IND"]
[SourceTitle "playchess.com"]
[Source "ChessBase"]
[SourceQuality "1"]

{[%evp 16,88,72,77,76,79,114,50,115,56,80,47,66,62,58,20,22,-10,25,16,14,16,16,16,20,18,20,0,0,-11,-6,-31,-7,-28,-21,-32,0,-5,-5,-8,0,0,0,0,0,0,0,0,0,0,0,0,0,0,0,0,0,0,0,0,0,-1,0,-1,0,0,0,-4,0,0,0,0,0,0,0]} 1. Nf3 c5 2. c4 Nc6 3. Nc3 g6 4. e3 {[%cal Be2e3,Be3d4,Bd4d5][%mdl 32]} Bg7 5. d4 cxd4 6. exd4 d6 7. Be2 Nf6 8. O-O {A35: Symmetrical English: 2 Nc3 Nc6 3 Nf3} O-O 9. d5 {LiveBook: 4 Games} Nb4 10. Nd4 {White is better.} Bd7 $146 ({Predecessor:} 10... a5 11. Bg5 Bd7 12. Re1 Re8 13. Qd2 a4 14. Rac1 Qb6 {½-½ (32) Arkhipov,S (2510)-Shantharam,K (2310) Gausdal 1991}) 11. b3 (11. Be3 $16) 11... a5 ({Black should play} 11... e5 $14 12. Ndb5 Bxb5 13. Nxb5 Ne4) 12. Bb2 ({Better is} 12. Bg5 $16) 12... Na6 13. a3 Qb6 14. Ndb5 Rfc8 15. Na4 Qd8 16. Bd4 {[#] Black must now prevent Nb6.} Nc5 (16... Bxb5 $5 17. cxb5 Nc5 $11) 17. Bxc5 dxc5 18. Nac3 Bxb5 19. Nxb5 Ne4 20. Rb1 Nd6 21. Nxd6 exd6 22. a4 Bd4 23. Bf3 Qf6 24. Re1 Re8 25. Qd3 Bc3 26. Rxe8+ {The position is equal.} Rxe8 27. g3 Kg7 (27... Qd4 $5 {[%cal Rd4d3]} 28. Qxd4 Bxd4 $11) 28. Kg2 Re7 29. h4 h5 30. Rc1 Bb4 31. Rd1 Kf8 {[%cal Bg7f8,Bf8e8,Be8d8,Bd8c7,Bc7b6][%mdl 32]} 32. Rc1 Qd4 33. Rd1 Qb2 34. Rb1 Qe5 35. Rc1 Qf6 36. Rd1 Ke8 37. Rc1 Kd8 (37... Qd4 $5 {[%cal Rd4d3]} 38. Be2 Qb2 $11) 38. Qc2 Kc7 39. Rd1 Bc3 40. Rd3 Bd4 41. Rd1 Re5 42. Qd2 Kb6 43. Re1 Rf5 44. Qd3 Re5 {Precision: White = 52%, Black = 48%.} 1/2-1/2

[Event "10th KiiT Festival 2017"]
[Site "Bhubaneshwar"]
[Date "2017.05.29"]
[Round "6"]
[White "Jeet, Jain"]
[Black "Gaikwad, Siddhant"]
[Result "1-0"]
[WhiteElo "2151"]
[BlackElo "2295"]
[Annotator "TA"]
[PlyCount "69"]
[EventDate "2017.05.26"]
[EventType "swiss"]
[EventCountry "IND"]
[SourceTitle "playchess.com"]
[Source "ChessBase"]
[SourceQuality "1"]

{[%evp 19,69,17,30,19,32,41,31,28,34,27,51,27,21,23,30,0,26,24,71,87,95,90,115,122,113,116,110,102,127,132,131,116,164,167,170,154,157,162,168,166,229,129,279,253,440,436,5489,1244,29979,10154,29998,29999]} 1. e4 c5 2. Nf3 d6 3. d4 cxd4 4. Nxd4 Nf6 5. Nc3 g6 6. Be2 Bg7 7. O-O O-O 8. Nb3 Nc6 9. Bg5 Bd7 10. Kh1 Rc8 {LiveBook: 3 Games. B70: Sicilian Dragon: 6 g3 and 6 Be2 (without a later Be3)} 11. f4 {[%cal Bf2f4,Bf4f5][%mdl 32]} a6 12. Qd2 b5 {White is slightly better.} 13. a3 $146 ({Predecessor:} 13. Bf3 h6 14. Bh4 Na5 15. Nxa5 Qxa5 16. e5 b4 17. Ne2 Nh7 18. Bxe7 {1-0 (29) Egeland,F-Nicolaisen,M Oslo 2006}) 13... Be6 14. Rad1 Kh8 15. f5 Bc4 16. Nc1 Bxe2 17. Qxe2 Ne5 18. Nd3 {[#] aiming for Nxe5.} Nfd7 19. Nd5 $36 {[%mdl 2048] Keeping Black busy.} f6 20. Be3 {[%cal Bg5e3,Be3d4,Bd4c3][%mdl 32]} g5 21. Nxe5 Nxe5 22. Bd4 Qe8 23. Bc3 e6 24. fxe6 Qxe6 25. Ne3 Ng6 26. Nf5 d5 27. Rxd5 {Black must now prevent Rd6.} Nf4 28. Rxf4 $1 gxf4 29. Rd6 Qf7 (29... Qc4 $142 30. Qxc4 bxc4) 30. Rxa6 (30. h3 $18) 30... Rcd8 (30... Qc4 $16 31. Qxc4 Rxc4) 31. h3 $18 Qa2 $2 (31... Qd7 32. Rd6 Qf7 33. Rxd8 Rxd8 34. Qxb5 Qd7) 32. Qg4 {[%csl Gf5][%cal Rg4g7]} Rg8 (32... Qf7 $142 33. Nxg7 Qxg7 34. Qxf4 Kg8 35. Bxf6 Qg6) 33. Rxf6 (33. Ra7 $142 Qa1+ 34. Kh2) 33... Qb1+ 34. Kh2 {Intending Rf8! and mate.} Rd1 {[#]} 35. Qxg7+ $1 {[%mdl 512] Precision: White = 78%, Black = 24%.} 1-0

[Event "10th KiiT Festival 2017"]
[Site "Bhubaneshwar"]
[Date "2017.05.29"]
[Round "6"]
[White "Prasant N Nayagam"]
[Black "Saurabh Anand"]
[Result "0-1"]
[WhiteElo "2087"]
[BlackElo "2266"]
[Annotator "TA"]
[PlyCount "93"]
[EventDate "2017.05.26"]
[EventType "swiss"]
[EventCountry "IND"]
[SourceTitle "playchess.com"]
[Source "ChessBase"]
[SourceQuality "1"]

{[%evp 15,93,-4,-4,-4,0,0,-5,0,22,20,42,6,27,37,47,45,47,57,62,40,62,37,90,73,104,109,84,38,45,56,175,35,35,37,31,0,0,0,0,0,-1,-1,-4,-162,-83,-227,-238,-241,-246,-176,-241,-218,-91,-96,-89,-89,-73,-73,0,-243,0,-259,-243,-256,-148,-242,-228,-273,-285,-341,-341,-436,-386,-589,-589,-589,-589,-589,-587,-557]} 1. d4 Nf6 2. Bf4 e6 3. e3 c5 4. c3 d5 5. Nd2 Nc6 6. Bd3 Bd6 7. Bxd6 {D00: 1 d4 d5: Unusual lines} Qxd6 8. f4 O-O {LiveBook: 3 Games} (8... Bd7 9. a3 Ne7 10. Ngf3 Qb6 11. b4 cxd4 12. cxd4 Bb5 13. Qe2 Bxd3 14. Qxd3 Nf5 {1-0 (68) Nyzhnyk,I (2613)-Naroditsky,D (2646) chess.com INT 2017}) 9. a3 {The position is equal.} b6 10. Ngf3 a5 $146 ({Predecessor:} 10... Bb7 11. Ne5 Qe7 12. O-O Nxe5 13. fxe5 Nd7 14. Qh5 f5 {1-0 (66) Laabi Chian,M (2092)-Khadzh Khamed,N (2022) Al Ain 2013}) 11. Qe2 Ne8 12. g4 {[%cal Bg2g4,Bg4g5][%mdl 32]} f5 13. O-O {[%cal Bh1f1,Bf1f3,Bf3h3][%mdl 32]} c4 14. Bc2 b5 15. Ne5 Ne7 16. g5 Rb8 17. Rf3 (17. Qh5 $5 {[%cal Rf1f3]}) 17... Nc6 18. Rh3 g6 ({Better is} 18... Nxe5 $14 19. dxe5 Qc7) 19. Ndf3 $16 b4 20. axb4 axb4 21. Qf2 Nxe5 22. Nxe5 {Hoping for Qh4.} b3 ({Black should play} 22... Qc7 $14) 23. Qh4 ({White must play} 23. Bd1 $1 $18) 23... Qc7 $1 $14 24. Bd1 Qg7 $1 25. Nc6 Rb6 {[%cal Bb8b6,Bb6a6,Ba6a1][%mdl 32]} 26. Ra7 (26. Nb4 {with more complications.} Rf7 27. Qe1 Ra7 28. Bf3 Rxa1 29. Qxa1 Rb7 30. Qe1) 26... Rf7 27. Rxf7 Qxf7 28. Ne5 Qg7 {Black wants to play ...Nd6.} 29. Qf2 $2 (29. Rf3 $1 $11) 29... Nd6 (29... Ra6 $1 $19 {Threatens to win with ...Ra1.} 30. Qd2 Ra1) 30. Bf3 (30. Rh6 $17) 30... Ra6 $19 {Strongly threatening ...Ra1+.} 31. Qd2 Ra1+ 32. Kf2 Qa7 $1 33. Rg3 Qa2 (33... Nb5 $1 $19 {has better winning chances.} 34. Rg1 Rxg1 35. Kxg1 Qa1+ 36. Kf2 Na3) 34. Rg1 $17 Rxg1 35. Kxg1 Qb1+ 36. Kf2 {[#]} Nb5 (36... Kf8 $1 $17) 37. Nc6 $2 {[#]} (37. Bd1 $1 $11) 37... Kf7 $2 (37... Bd7 $1 $19 {[%cal Rd7c6]} 38. Ne5 Be8) 38. Nb4 $2 {[%mdl 8192]} (38. Bd1 $11) 38... Bb7 $19 39. h4 Nd6 40. h5 (40. Kg2 $17) 40... Nc8 41. hxg6+ hxg6 42. Bd1 Kg8 43. Kg3 Nb6 44. Bf3 (44. Qe2 {was called for.} Qc1 45. Bxb3 Qg1+ 46. Kh3) 44... Na4 {Black is clearly winning.} 45. Qh2 Qe1+ 46. Qf2 Qxf2+ 47. Kxf2 {Precision: White = 34%, Black = 48%.} 0-1

[Event "10th KiiT Festival 2017"]
[Site "Bhubaneshwar"]
[Date "2017.05.29"]
[Round "6"]
[White "Avdhoot Lendhe"]
[Black "Grover, Sahaj"]
[Result "0-1"]
[WhiteElo "2080"]
[BlackElo "2478"]
[Annotator "TA"]
[PlyCount "84"]
[EventDate "2017.05.26"]
[EventType "swiss"]
[EventCountry "IND"]
[SourceTitle "playchess.com"]
[Source "ChessBase"]
[SourceQuality "1"]

{[%evp 18,84,8,6,40,44,33,38,33,28,36,23,42,0,0,-4,-10,-13,0,-1,-2,-15,4,5,10,-11,0,0,0,0,15,9,25,20,24,13,21,0,2,0,20,0,76,6,13,0,12,0,0,0,0,0,0,0,13,-16,-19,-14,-20,-31,-31,-43,-19,-67,-56,-479,-451,-527,-520]} 1. d4 Nf6 2. c4 e6 3. Nc3 Bb4 4. e3 O-O 5. Bd3 d5 6. Nf3 c5 7. O-O dxc4 8. Bxc4 Nc6 9. a3 Ba5 10. Qd3 {LiveBook: 40 Games} Qe7 {E56: Nimzo-Indian: Rubinstein: Main Line: 7...Nc6} (10... Bb6 11. Rd1 cxd4 12. exd4 h6 13. Bf4 Bd7 14. Ne5 Rc8 15. Ba2 Ne7 16. Qh3 Re8 17. Rd3 Ng6 18. Nxg6 fxg6 {1-0 (28) Khismatullin,D (2642)-Khairullin,I (2662) Chita 2015}) 11. Ne4 Bb6 12. dxc5 Bxc5 {White is slightly better.} 13. Nxc5 Qxc5 14. b4 Qh5 $1 15. e4 $146 ({Predecessor:} 15. Bb2 e5 16. Qe2 Bg4 17. h3 e4 18. hxg4 Nxg4 {0-1 (46) Lehmann,H-Ivkov,B Havana 1965}) 15... Ne5 16. Qe2 Nxc4 17. Qxc4 b5 18. Qc7 Nxe4 19. Be3 Nf6 20. Bc5 Re8 21. Ne5 (21. Rad1 $5 {[%cal Rd1d8]}) 21... Bb7 (21... Nd5 $5 {[%cal Rd5c7]} 22. Qc6 Bb7 23. Qxb7 Qxe5 $15) 22. Qxb7 {[#] And now Nc6 would win.} Qxe5 23. Qxb5 Ng4 {[%csl Gg4][%cal Re5h2]} (23... a5 $5) 24. f4 $1 $36 {[%cal Rf4e5][%mdl 2048] White has some pressure.} Qh5 {[%csl Gg4][%cal Rh5h2]} 25. h3 Nf6 26. Rae1 a6 27. Qe2 Qd5 28. Rd1 Qb7 29. Rd6 Nd5 {[#]} (29... a5 $11 {keeps the balance.}) 30. Qc4 (30. f5 $1 $16 {[%cal Rf5e6]} exf5 31. Qd3) 30... Red8 $11 31. Rxd8+ Rxd8 32. Qd3 Rd7 33. Qg3 Nf6 34. Qf3 Qxf3 35. Rxf3 {[%mdl 4096] Endgame KRB-KRN} h5 36. Re3 Rd1+ 37. Kf2 Nd5 38. Rf3 Rd2+ 39. Kg3 Rc2 40. Rf2 Rc4 41. Bd6 $2 {[%mdl 8192]} (41. Rf3 $15) 41... Nc3 $19 42. Kh2 Ne4 {Precision: White = 28%, Black = 53%.} 0-1

[Event "10th KiiT Festival 2017"]
[Site "Bhubaneshwar"]
[Date "2017.05.29"]
[Round "6"]
[White "Datta Ramakrishna J"]
[Black "Aradhya, Garg"]
[Result "0-1"]
[WhiteElo "1364"]
[BlackElo "2304"]
[Annotator "NA RC"]
[PlyCount "74"]
[EventDate "2017.05.26"]
[EventType "swiss"]
[EventCountry "IND"]
[SourceTitle "playchess.com"]
[Source "ChessBase"]
[SourceQuality "1"]
[TimeControl "5400+30"]

1. e4 e5 2. f4 Bc5 3. Nf3 d6 4. Nc3 Nc6 5. Na4 Bg4 6. Bb5 Bb6 7. Nxb6 axb6 8. h3 Bxf3 9. Qxf3 Nge7 10. Bxc6+ Nxc6 11. c3 O-O 12. f5 d5 13. d3 dxe4 14. dxe4 Ra4 15. O-O Qh4 16. b4 Rd8 17. a3 Raa8 18. Bb2 Rd2 19. Bc1 Rd6 20. Bb2 Rd2 21. Bc1 Rd6 22. Bb2 Rad8 23. Rad1 h6 24. Rd5 Rxd5 25. exd5 e4 26. Qd1 b5 27. c4 bxc4 28. b5 Ne7 29. Qd4 Qg5 30. Qxe4 Nxd5 31. Bc1 Qf6 32. Qxc4 Qc3 33. Qe2 Qc5+ 34. Kh1 Nf6 35. Bf4 Re8 36. Qd3 Qd5 37. Rd1 Re1+ 0-1

[Event "10th KiiT Festival 2017"]
[Site "Bhubaneshwar"]
[Date "2017.05.30"]
[Round "7"]
[White "Amonatov, Farrukh"]
[Black "Mitrabha, Guha"]
[Result "1-0"]
[WhiteElo "2632"]
[BlackElo "2299"]
[Annotator "TA"]
[PlyCount "119"]
[EventDate "2017.05.26"]
[EventType "swiss"]
[EventCountry "IND"]
[SourceTitle "playchess.com"]
[Source "ChessBase"]
[SourceQuality "1"]

{[%evp 18,119,34,9,8,0,0,-3,-8,-8,24,31,36,25,41,45,41,17,16,20,22,0,0,0,0,-15,0,-8,0,-16,-15,-11,-6,-38,9,0,0,-12,0,-2,0,-15,0,-101,0,0,-4,-25,0,0,0,0,10,0,0,0,0,0,14,3,32,31,42,0,62,0,39,20,32,39,39,0,54,20,69,69,70,70,381,370,286,172,172,172,209,187,173,187,743,675,1388,1349,1229,1074,1790,1404,1820,1545,1758,1724,29968,5427,29986,29986]} 1. e4 {[%cal Be2e4,Be4e5][%mdl 32]} c6 2. d4 d5 3. e5 Bf5 4. Nd2 e6 5. Nb3 Nd7 6. Nf3 Ne7 {B12: Caro-Kann: Advance Variation} 7. Be2 Bg6 8. O-O Nf5 9. Bd2 Be7 10. Ba5 {LiveBook: 3 Games} b6 11. Bd2 c5 $146 ({Predecessor:} 11... a5 12. a4 h5 13. c4 dxc4 14. Bxc4 h4 15. h3 {1-0 (44) Mamedov,N (2612)-Kreisl,R (2408) Rhodes 2013}) 12. c4 dxc4 13. Bxc4 Nxd4 14. Nbxd4 cxd4 15. Nxd4 O-O 16. Nc6 Qe8 17. b4 Be4 18. Nxe7+ Qxe7 19. Re1 (19. Qg4 $5 {[%cal Rg4e4]} Bd5 20. Bxd5 exd5 21. f4 $11) 19... Bf5 20. Rc1 Rfd8 21. Qf3 Nf8 {[%cal Bd7f8,Bf8g6,Bg6e7,Be7d5][%mdl 32]} 22. Qe3 Rac8 23. Bb5 Qb7 24. Bc3 Ng6 25. h3 a6 26. Bf1 Ne7 27. a4 Rd7 28. g4 {Threatens to win with Bg2.} Bg6 29. Bg2 Nd5 30. Bd2 (30. Qd4 $11 {remains equal.}) 30... h6 (30... Nxe3 $17 {[%csl Ge3][%cal Rb7g2]} 31. Bxb7 Rxc1 32. Bxc1 Nc2) 31. Qe2 $11 Rdc7 32. Qf1 Rxc1 (32... Rc2 $5 {[%cal Rc2d2]} 33. Rxc2 Rxc2 $15) 33. Rxc1 Rxc1 34. Qxc1 Bd3 35. Qa3 (35. Kh2 {is more complex.} Qd7 36. Qa1 Be2 37. Qd4 h5 38. a5) 35... Bc4 36. Qb2 Qd7 37. a5 b5 38. Qd4 Qc7 39. Be4 Bb3 40. h4 Bc2 ({Better is} 40... Qe7 $11) 41. Bf3 (41. Bxd5 $14 exd5 42. Qxd5) 41... Ba4 42. Kg2 Bb3 43. h5 Qc2 44. Be4 Qc7 (44... Qd1 $11 45. Bf3 Qb1) 45. Kg3 Bc2 46. Bxd5 exd5 47. Qxd5 Qc4 $2 {[%mdl 8192]} (47... Bb1 $14) 48. Qxc4 $18 bxc4 {[%mdl 4096] Endgame KB-KB} 49. f4 {[%cal Bf2f4,Bf4f5][%mdl 32]} Ba4 50. f5 Bc6 51. Kf4 Kf8 52. Bc3 Bd5 $2 {[#]} (52... Bb5 53. Ke4 Ke8) 53. b5 $1 {[%mdl 512]} axb5 {Now ...Bb7 and Black clings on.} 54. a6 {[%cal Ba5a6,Ba6a7][%mdl 32]} Ke7 55. a7 Ba8 56. Ke3 Ke8 57. Bb4 Bb7 58. Kd4 Bf3 {[#]} 59. g5 $1 {[%mdl 512]} hxg5 60. f6 {Precision: White = 48%, Black = 30%.} 1-0

[Event "10th KiiT Festival 2017"]
[Site "Bhubaneshwar"]
[Date "2017.05.30"]
[Round "7"]
[White "Ghosh, Diptayan"]
[Black "Ziatdinov, Raset"]
[Result "1-0"]
[WhiteElo "2569"]
[BlackElo "2291"]
[Annotator "TA"]
[PlyCount "85"]
[EventDate "2017.05.26"]
[EventType "swiss"]
[EventCountry "IND"]
[SourceTitle "playchess.com"]
[Source "ChessBase"]
[SourceQuality "1"]

{[%evp 9,85,-19,24,27,34,23,29,27,38,28,30,40,103,100,104,82,152,153,175,176,183,162,166,125,131,91,184,180,218,109,162,162,162,162,155,151,148,170,164,160,164,160,159,149,181,172,209,216,224,224,206,206,282,267,525,522,512,508,631,627,943,902,814,661,1081,1068,1018,992,29965,29952,5406,5406,29992,29993,29993,29994,29994,29995]} 1. d4 d5 2. c4 e6 3. Nf3 a6 4. Qc2 (4. cxd5 exd5 5. Nc3 c6 6. e4 dxe4 7. Ng5 Nh6 8. Bc4 Be7 9. Ncxe4 Bf5 10. d5 O-O 11. O-O cxd5 12. Bxd5 Nc6 13. h3 Nb4 14. Bb3 Qd3 {½-½ (14) Hammer,J (2630)-Andreikin,D (2734) chess.com INT 2017}) 4... Nf6 5. Bg5 Be7 $146 ({Predecessor:} 5... dxc4 6. Qxc4 b5 7. Qc2 Bb7 8. Nbd2 Nbd7 9. Nb3 Rc8 10. Nc5 Nxc5 11. dxc5 Bxf3 12. gxf3 {1-0 (26) Serdt,S (2302)-Slogar,D (2349) Celje 2007}) 6. e3 {D30: Queen's Gambit Declined: Systems without Nc3} h6 7. Bh4 O-O 8. Nc3 {White has an edge.} b6 9. cxd5 exd5 10. Bd3 {[%cal Bf1d3,Bd3e4,Be4b1][%mdl 32]} c5 ({Black should try} 10... Be6 $14) 11. Bxf6 $16 Bxf6 {[#]} 12. Nxd5 $1 {[%mdl 512]} Nc6 (12... Bb7 $142 13. Nxf6+ Qxf6) (12... Qxd5 13. Bh7+) 13. Be4 Bd7 {[%cal Rc5d4]} 14. dxc5 bxc5 15. O-O Rb8 16. Rad1 Bxb2 17. Qxc5 Qe8 (17... Re8 $16) 18. Bb1 $18 g6 19. Qd6 (19. Nd4 $18 {Threatens to win with Nf6+.} Bxd4 20. Rxd4 (20. exd4 Qd8 $18)) 19... Rb7 (19... Qe6 $16 20. Nc7 Qxd6 21. Rxd6 Rb7) 20. Nd4 {Black must now prevent Nf6+.} Qe5 21. Nf6+ ({Resist} 21. Nxc6 $6 Qxd6 22. Nde7+ Qxe7 $1 $14 {[%mdl 512]}) 21... Kg7 22. Qxd7 ({Don't do} 22. Nxc6 $6 Qxf6 23. Be4 Qxd6 $14) 22... Rxd7 23. Nxd7 Qc7 {[#]} 24. Nxc6 $1 Qxc6 25. Nxf8 Kxf8 26. Rd8+ Ke7 27. Rfd1 h5 28. R8d2 Be5 {[#]} 29. Bc2 $1 h4 30. Bb3 f5 31. Rc2 Qb5 $2 (31... Qb6 {is a better defense.} 32. Bd5 Qb8) 32. Rd5 Qb8 33. h3 f4 34. e4 Bc7 35. Rc6 a5 36. Rd1 a4 37. Bxa4 Be5 38. Bb3 g5 39. Re6+ Kf8 40. Rd5 Qb4 41. Rd8+ {White mates.} Kg7 42. Rd7+ Kf8 43. Rxe5 {Precision: White = 89%, Black = 28%.} 1-0

[Event "10th KiiT Festival 2017"]
[Site "Bhubaneshwar"]
[Date "2017.05.30"]
[Round "7"]
[White "Rahman, Ziaur"]
[Black "Debashis, Das"]
[Result "1/2-1/2"]
[WhiteElo "2526"]
[BlackElo "2496"]
[Annotator "TA"]
[PlyCount "51"]
[EventDate "2017.05.26"]
[EventType "swiss"]
[EventCountry "IND"]
[SourceTitle "playchess.com"]
[Source "ChessBase"]
[SourceQuality "1"]

{[%evp 25,51,14,36,25,21,0,0,-6,0,0,34,-9,-4,-4,-4,-7,-11,-55,-40,-42,-49,-40,-52,-50,0,0,0,-51]} 1. c4 Nf6 2. g3 e6 3. Bg2 d5 4. Nf3 Nbd7 5. b3 Be7 6. O-O O-O 7. Bb2 b6 8. cxd5 Nxd5 9. d4 Bb7 10. Re1 {[%cal Bf1e1,Be1e2,Be2c2][%mdl 32]} N5f6 11. Nc3 c5 12. e4 cxd4 {A14: English Opening: 1...e6 with b3 by White} 13. Nxd4 Bc5 {LiveBook: 5 Games} (13... Ne5 14. Qe2 Bc5 15. Red1 Qe7 16. Na4 Bxd4 17. Bxd4 Nc6 18. Be3 Rfd8 19. Nc3 Qb4 20. Qb2 {1-0 (45) So,W (2822)-Onischuk,A (2667) Saint Louis 2017}) 14. Na4 Bb4 {White has an edge.} 15. Re2 $146 (15. Bc3 $5 {[%cal Rc3b4]} a5 16. Nb5 $11) ({Predecessor:} 15. e5 Nd5 16. Re4 {½-½ (16) Pachmann,O (2369)-Santagata,C (2433) ICCF email 2003}) 15... Nc5 16. Nxc5 bxc5 17. Nb5 {Black should prevent Nd6.} Ba6 18. Qxd8 Raxd8 19. a4 Rd3 20. Rc2 Rxb3 21. Bxf6 gxf6 22. Bf1 Bb7 23. Bc4 Rf3 24. Be2 Rb3 25. Bc4 Rf3 26. Be2 $1 1/2-1/2

[Event "10th KiiT Festival 2017"]
[Site "Bhubaneshwar"]
[Date "2017.05.30"]
[Round "7"]
[White "Deviatkin, Andrei"]
[Black "Akash Pc, Iyer"]
[Result "1-0"]
[WhiteElo "2481"]
[BlackElo "2282"]
[Annotator "TA"]
[PlyCount "69"]
[EventDate "2017.05.26"]
[EventType "swiss"]
[EventCountry "IND"]
[SourceTitle "playchess.com"]
[Source "ChessBase"]
[SourceQuality "1"]

{[%evp 9,69,17,28,7,14,15,29,34,27,-14,0,0,0,0,0,0,0,0,0,0,0,0,0,0,0,0,0,-12,5,0,0,0,17,17,17,16,12,10,14,20,29,0,27,30,32,16,42,48,201,198,392,340,665,651,662,660,624,614,761,717,923,915]} 1. e4 c5 2. c3 d5 3. exd5 Qxd5 4. d4 Nc6 5. Nf3 Bf5 6. Be2 {B22: Sicilian: 2 c3} (6. Be3 Nf6 7. Qb3 cxd4 8. Nxd4 Nxd4 9. Bxd4 a6 10. Nd2 e6 11. Be2 O-O-O 12. Nc4 Bc5 13. O-O Be4 14. Rfd1 {1-0 (32) Jones,G (2676)-Pichot,A (2556) Sharjah 2017}) 6... cxd4 7. cxd4 {[#] Threatens to win with Nc3.} Bxb1 8. Rxb1 {White has an edge.} e6 9. a3 Nf6 10. b4 Bd6 11. O-O O-O 12. Bb2 Rfd8 13. Rc1 Rac8 $146 14. Bc4 Qf5 15. Re1 a6 16. Qe2 Nd5 17. g3 Qg4 18. Kh1 Bb8 19. Ne5 Qxe2 20. Bxe2 Nxe5 21. dxe5 Ba7 22. Kg2 Kf8 23. h4 Ke7 24. h5 Ke8 25. Bf3 Ke7 26. Be4 g6 27. Kf3 b5 28. Rh1 {Hoping for hxg6.} Rxc1 $2 {[#]} (28... Bb6 $14) 29. Bxc1 $18 Rc8 $2 (29... Bd4) 30. hxg6 Rc3+ $2 (30... hxg6 31. Bg5+ Ke8 32. Rh8+ Kd7) 31. Kg2 {White is clearly winning.} hxg6 32. Bg5+ Kd7 33. Rh7 $1 {[%csl LRf7,LRg6]} Bd4 34. Rxf7+ Kc6 35. Re7 {Precision: White = 68%, Black = 44%.} 1-0

[Event "10th KiiT Festival 2017"]
[Site "Bhubaneshwar"]
[Date "2017.05.30"]
[Round "7"]
[White "Grover, Sahaj"]
[Black "Chakravarthi Reddy, M."]
[Result "1-0"]
[WhiteElo "2478"]
[BlackElo "2226"]
[Annotator "TA"]
[PlyCount "99"]
[EventDate "2017.05.26"]
[EventType "swiss"]
[EventCountry "IND"]
[SourceTitle "playchess.com"]
[Source "ChessBase"]
[SourceQuality "1"]

{[%evp 26,99,22,31,30,25,35,31,36,26,87,83,87,85,97,87,94,104,109,109,108,103,100,102,110,101,120,107,113,95,175,158,166,120,130,122,120,116,108,77,72,65,62,74,169,89,67,40,40,40,43,51,72,45,37,46,63,8,8,18,79,40,40,40,179,160,29980,29981,29980,29981,29986,29987,29987,29988,29988,29989]} 1. e4 e6 2. d4 d5 3. Nc3 Nf6 4. e5 Nfd7 5. f4 c5 6. Nf3 Nc6 7. Be3 Be7 8. Qd2 O-O 9. dxc5 Bxc5 {C11: French: Classical System: 4 e5 and 4 Bg5 dxe4} 10. O-O-O Qb6 11. Nd4 Bxd4 12. Bxd4 Qxd4 13. Qxd4 Nxd4 14. Rxd4 {LiveBook: 8 Games} a6 15. h4 b6 {[#]} 16. Rh3 $146 ({Predecessor:} 16. h5 h6 17. b3 {½-½ (44) Kurnosov,I (2657)-Le,Q (2712) Khanty-Mansiysk 2013}) 16... Bb7 17. Re3 f6 (17... Rfc8 $11 {remains equal.}) 18. exf6 $16 Rxf6 19. Be2 Nb8 {[#] Strongly threatening ...Nc6.} 20. Na4 Nc6 21. Rd2 Rxf4 22. Nxb6 Rd8 23. Rxe6 Nd4 24. Re7 Nxe2+ 25. Rdxe2 Bc6 26. Rc7 Bb5 27. Rd2 d4 (27... Rd6 $16) 28. c4 $18 Be8 29. g3 Rf1+ 30. Rd1 Rf3 31. Nd5 d3 32. g4 Bf7 33. Ne7+ Kf8 $1 34. b3 $1 Re3 (34... h5 $16 {might work better.}) 35. Nf5 (35. Nc6 $18 d2+ 36. Kb2) 35... Rf3 $16 36. c5 h5 $1 37. Nd6 {Black must now prevent Rg1.} hxg4 38. Nxf7 Rxf7 39. Rxf7+ Kxf7 $14 {[%mdl 4096] Endgame KR-KR} 40. Kd2 Kf6 41. Ke3 ({White should play} 41. Rg1 $14 Kf5 42. b4) 41... g3 $11 42. c6 Rc8 (42... Kf5 $11 {keeps the balance.}) 43. Rg1 ({Don't play} 43. Kxd3 Rd8+ 44. Kc2 Rxd1 $11) 43... Rxc6 44. Kxd3 Kf5 ({Black should try} 44... g5 $1 $14 45. hxg5+ Kxg5) 45. Rxg3 $18 Rg6 $2 {[#]} (45... g6 $16 46. Rg2 Kf6) 46. Rxg6 {White mates.} Kxg6 47. b4 Kh5 48. a4 {[%cal Ba2a4,Ba4b5][%mdl 32]} Kxh4 49. b5 axb5 50. axb5 {Precision: White = 60%, Black = 38%.} 1-0